000 00467nam a2200181Ia 4500
003 GCL
008 140319s9999 xx 000 0 eng d
040 _aGCL /
_cGCL
082 0 4 _a686.23042
_bP L
100 1 _aPRIESTER, GARY W
245 1 0 _aLOOKING GOOD IN COLOUR /
_cPRIESTER, GARY W
260 _a[S.N] :
_bVENTANA PRESS ،
_c1995
300 _a247 P
650 0 4 _aSCIENCE
650 0 4 _aPRINTING
650 0 4 _aELECTRONICS IN COLOR PRINTING
942 _2ddc
_cBK
999 _c15685
_d15685